Statistics for MotoGP 2017 Winners

Click here to take the quiz!

General Stats

  • This quiz has been taken 95 times
  • The average score is 17 of 18

Answer Stats

RoundCountryWinner% Correct
10Czech RepublicMarc Marquez
100%
14Spain (Aragon)Marc Marquez
100%
3USAMarc Marquez
100%
16AustraliaMarc Marquez
100%
9GermanyMarc Marquez
100%
13Italy (San Marino)Marc Marquez
100%
8NetherlandsValentino Rossi
100%
17MalaysiaAndrea Dovizioso
95%
6Italy (Mugello)Andrea Dovizioso
95%
7Spain (Catalunya)Andrea Dovizioso
95%
15JapanAndrea Dovizioso
95%
11AustriaAndrea Dovizioso
95%
12Great BritainAndrea Dovizioso
95%
1QatarMaverick Vinales
91%
2ArgentinaMaverick Vinales
91%
5FranceMaverick Vinales
91%
4Spain (Jerez)Dani Pedrosa
86%
18Spain (Valencia)Dani Pedrosa
86%

Score Distribution

Percentile by Number Answered

Percent of People with Each Score

Your Score History

You have not taken this quiz